Estados del Sacro Imperio Romano en 1356 - Estadísticas

Estadísticas generales
  • Esta prueba ha sido intentada 347 veces
  • La puntuación promedio es 59 de 388
Respuestas en el mapa
Las respuestas están codificadas por una escala verde-roja en el mapa de la prueba según el % correcto abajo.
 
Estadísticas de respuestas
State % Correcto
Baviera-Múnich
85%
Bohemia
77%
Austria
76%
Hamburgo
75%
Milán
75%
Sajonia
75%
Baviera-Landshut
74%
Baviera-Straubing
74%
Holanda
64%
Génova
63%
Luxemburgo
63%
Brandeburgo
62%
Borgoña
60%
Colonia
59%
Bremen
57%
Moravia
57%
Florencia
55%
Fráncfort
54%
Pomerania-Stettin
54%
Holstein-Kiel
53%
Berna
52%
Lorena
52%
Ginebra
50%
Pomerania-Wolgast
50%
Holstein-Schauenburg
48%
Holstein-Rendsburg
47%
Flandes
46%
Baden
45%
Hesse
45%
Palatinado
45%
Pisa
45%
Provenza
43%
Salzburgo
43%
Zúrich
43%
Tirol
41%
Aquisgrán
40%
Lubeca
40%
Lucca
40%
Mónaco
40%
Saboya
39%
Trento
39%
Maguncia
36%
Dresde
35%
Estiria
35%
Oldemburgo
35%
Tréveris
35%
Anhalt
34%
Siena
33%
Módena
32%
Núremberg
31%
Piamonte
31%
Brabante
30%
Lieja
30%
Münster
30%
Ulm
30%
Carintia
29%
Wurtemberg
29%
Zelanda
29%
Mantua
28%
Verona
28%
Augsburgo
27%
Estrasburgo
27%
Trieste
27%
Padua
26%
Basilea
25%
Utrecht
25%
Carniola
24%
Hohenzollern
24%
Magdeburgo
24%
Metz
24%
Friburgo
23%
Nasáu
23%
Berg
22%
Dortmund
22%
Ratisbona
22%
Aquilea
21%
Turingia
21%
Wurzburgo
21%
Bar
20%
Essen
20%
Lüneburgo
20%
Constanza
19%
Monferrato
19%
Henao
18%
Lausana
18%
Bamberg
17%
Güeldres
17%
Lucerna
17%
Opole
17%
Osnabrück
17%
Pavía
17%
Saluzzo
17%
Breslavia
16%
Cléveris
16%
Toul
16%
Lauenburgo
15%
Reggio
15%
San Galo
15%
Verdún
15%
Arezzo
14%
Besanzón
14%
Cambrai
14%
Neuchâtel
14%
Worms
14%
Jülich
13%
Namur
13%
Passau
13%
Sion
13%
Valés
13%
Zug
13%
Biena
12%
Bresanona
12%
Cilli
12%
Colmar
12%
Glogovia
12%
Gorizia
12%
Lippe
12%
Mulhouse
12%
Orden Teutónica
12%
Ringraviato
12%
Sarrebruck
12%
Schwerin
12%
Veintimilla
12%
Dithmarschen
11%
San Mauricio
11%
Soleura
11%
Teschen
11%
Troppau
11%
Uri
11%
Verden
11%
Waldeck
11%
Brisgovia
10%
Fulda
10%
Haguenau
10%
Hanau
10%
Noli
10%
Sundgau
10%
Tubinga
10%
Alba
9%
Auschwitz
9%
Dos Puentes-Bitche
9%
Fosdinovo
9%
Hall
9%
Mark
9%
Meissen
9%
Coira
8%
Finale
8%
Gruyères
8%
Memmingen
8%
Nidwalden
8%
Obwalden
8%
Payerne
8%
Ruppin
8%
Schwyz
8%
Aalen
7%
Aremberg
7%
Belluno
7%
Blâmont
7%
Corvey
7%
Disentis
7%
Dos Puentes
7%
Espira
7%
Glaris
7%
Goslar
7%
Gotinga
7%
Havelberg
7%
Hohenlohe
7%
Homburg
7%
Hoya
7%
Legnica
7%
Leuchtenberg
7%
Lichtenberg
7%
Loon
7%
Mesocco
7%
Montbéliard
7%
Paderborn
7%
Pyrmont
7%
Ravensberg
7%
Rottweil
7%
Salem
7%
Salm
7%
San Blas
7%
Schönburg
7%
Schwarzburgo
7%
Sovana
7%
Stavelot-Malmedy
7%
Ahaus
6%
Arnsberg
6%
Bentheim
6%
Berchtesgaden
6%
Beuren
6%
Buchau
6%
Castell
6%
Clavesana
6%
Donaverte
6%
Frisinga
6%
Goldegg
6%
Heiligenberg
6%
Hohenberg
6%
Lebus
6%
Limpurgo
6%
Lindau
6%
Minden
6%
Montfort
6%
Mühlhausen
6%
Norlinga
6%
Obernai
6%
Ortenburg
6%
Ottobeuren
6%
Pitigliano
6%
Ravensburgo
6%
Rochefort
6%
Roteburgo
6%
Sausenburg
6%
Schaunberg
6%
Schweinfurt
6%
Stargard
6%
Steinau
6%
Teck
6%
Tecklemburgo
6%
Tresana
6%
Urseren
6%
Weil
6%
Werle
6%
Ziegenhain
6%
Zwiefalten
6%
Apremont
5%
Badenweiler
5%
Belmont
5%
Blankenburg
5%
Brieg
5%
Bruchhausen
5%
Buchhorn
5%
Burgau
5%
Cammin
5%
Chiny
5%
Colditz
5%
Delmenhorst
5%
Diepholz
5%
Dinkelsbühl
5%
Dohna
5%
Eberstein
5%
Eichstätt
5%
Ellwangen
5%
Engelberg
5%
Enghien
5%
Erbach
5%
Eschenbach
5%
Gersau
5%
Grubenhagen
5%
Halberstadt
5%
Hattstatt
5%
Heinsberg
5%
Hersfeld
5%
Hildesheim
5%
Hohengeroldseck
5%
Hohenlimburg
5%
Hohnstein
5%
Horn
5%
Höwen
5%
Katzenelnbogen
5%
Kaysersberg
5%
Kempten
5%
Kevernburg
5%
Kirchberg
5%
Kling
5%
Königsegg
5%
Kornelimünster
5%
Leiningen
5%
Leisnig
5%
Leutkirch
5%
Mansfeld
5%
Merseburgo
5%
Morat
5%
Mosbach
5%
Münsterberg
5%
Murbach
5%
Neisse
5%
Neuenahr
5%
Nordhausen
5%
Ochsenhausen
5%
Oels
5%
Orlamünde
5%
Ratzburgo
5%
Raugraviato
5%
Rieneck
5%
Rottenmünster
5%
Sargans
5%
Sarrewerden
5%
Schwalenberg
5%
Schweidnitz
5%
Solms
5%
Sponheim
5%
Toggenburgo
5%
Truhendingen
5%
Turckheim
5%
Überlingen
5%
Vaudémont
5%
Vogtland
5%
Waldburg
5%
Waldenburg
5%
Walkenried
5%
Wangen
5%
Weggis
5%
Weingarten
5%
Werdenberg
5%
Werden-Helmstedt
5%
Westerburg
5%
Wied
5%
Wolfenbüttel
5%
Beichlingen
4%
Biberach
4%
Bopfingen
4%
Cuijk
4%
Dabo
4%
Esslingen
4%
Everstein
4%
Falkenstein
4%
Fénétrange
4%
Fleckenstein
4%
Friedberg
4%
Fürstenberg
4%
Gelnhausen
4%
Gengenbach
4%
Giengen
4%
Gleichen
4%
Gmünd
4%
Hachberg
4%
Helfenstein
4%
Hellenstein
4%
Henneberg
4%
Laufenburg
4%
Löwenstein
4%
Manderscheid
4%
Naumburgo
4%
Nellenburgo
4%
Oettingen
4%
Pfullendorf
4%
Querfurt
4%
Reutlingen
4%
Rietberg
4%
Rosheim
4%
Schussenried
4%
Sélestat
4%
Stolberg
4%
Stühlingen
4%
Wernigerode
4%
Wertheim
4%
Wetzlar
4%
Wildenberg
4%
Wimpfen
4%
Windsheim
4%
Wissembourg
4%
Wittgenstein
4%
Wunstorf
4%
Lützelstein
3%
Ofenburgo
3%
Prüm
3%
Rappoltstein
3%
Sayn
3%
Spiegelberg
3%
Veldenz
3%
Veringen
3%
Weissenburg
3%
Hayingen
2%
Isemburgo
2%
Püttlingen
2%
No se encontraron pruebas coincidentes
Distribución de puntuación
Porcentaje de gente con cada puntuación
Porcentaje por número respondido
Historial de tus puntuaciones
No has intentado esta prueba.